| 000 | 00668pam a2200205 a 4500 | ||
|---|---|---|---|
| 020 | _a008031628X : | ||
| 020 | _a0080316298 (pbk.) : | ||
| 082 | 0 | 0 |
_a621.48 _bMUR |
| 100 | 1 |
_aMurray, Raymond LeRoy, _941864 |
|
| 245 | 1 | 0 |
_aNuclear energy : _ban introduction to the concepts, systems, and applications of nuclear processes / _cRaymond L. Murray. |
| 250 | _a3rd ed. | ||
| 260 |
_aOxford ; _aNew York : _bPergamon Press, _c1988. |
||
| 300 |
_axx, 392 p. : _bill. ; _c24 cm. |
||
| 500 | _aIncludes index. | ||
| 526 |
_a0 _b0 _c0 _d621_480000000000000_MUR |
||
| 650 | 0 |
_aMCE _9379 |
|
| 650 | 0 | _aNuclear energy. | |
| 650 | 0 |
_aNuclear engineering. _941853 |
|
| 942 |
_2ddc _cBK |
||
| 999 |
_c545882 _d545882 |
||